000
00272nam a2200121Ia 4500
008
190216s9999||||xx |||||||||||||| ||und||
100
_a
Nayar M G
245
0
_a
Before The Footlights
260
_b
Macmillan
_c
1982
300
_a
79
650
_a
English Prose
942
_c
BK
999
_c
13233
_d
13233